[Event "Attica-ch U18"]
[Site "Iraklio"]
[Date "2013.12.23"]
[Round "2.6"]
[White "Stamatis, Apostolos"]
[Black "Halikias, Stefanos"]
[Result "1-0"]
[WhiteElo "1425"]
[BlackElo "1580"]
[PlyCount "101"]
[EventDate "2013.12.22"]
[EventType "swiss"]
[EventRounds "7"]
[EventCountry "GRE"]
[SourceTitle "EXT 2024"]
[Source "ChessBase"]
[SourceDate "2023.10.10"]
[SourceVersion "1"]
[SourceVersionDate "2023.10.10"]
[SourceQuality "1"]

1. e4 d5 2. exd5 Qxd5 3. Nf3 Nf6 4. c4 Qd6 5. d4 c5 6. Nc3 Bg4 7. Nb5 Qd8 8. Bf4 Na6 9. Qa4 Bd7 10. Qxa6 bxa6 11. Nc7+ Qxc7 12. Bxc7 e6 13. Be2 cxd4 14. 0-0-0 Bc5 15. Nxd4 0-0 16. Bf3 Rac8 17. Bg3 Bxd4 18. Rxd4 Bc6 19. Bxc6 Rxc6 20. b3 a5 21. Kb2 h6 22. Rhd1 a4 23. Be5 axb3 24. axb3 a5 25. Ra1 Ra8 26. b4 Rb6 27. c5 Rc6 28. Bxf6 gxf6 29. Kb3 Kf8 30. Kc4 a4 31. b5 Rcc8 32. b6 Ra5 33. b7 Rcxc5+ 34. Kd3 Rab5 35. Rd8+ Kg7 36. b8Q Rxb8 37. Rxb8 Rd5+ 38. Kc4 Rd2 39. Rf1 f5 40. Ra8 e5 41. Rxa4 f6 42. Kc3 Rd6 43. h4 Kg6 44. Re1 Kh5 45. g3 e4 46. Rd4 Rc6+ 47. Kd2 Kg4 48. Ke2 h5 49. Kf1 Rb6 50. Kg2 Rb2 51. Rb1 1-0